El otro tercer mundo: la mujer campesina ante el analfabetismo

Salvato in:
Dettagli Bibliografici
Autore principale: Chlebowska, Krystyna (Autore)
Natura: Libro
Lingua:spagnolo
Pubblicazione: París UNESCO 1990
Soggetti:
Tags: Aggiungi Tag
Nessun Tag, puoi essere il primo ad aggiungerne!!

MARC

LEADER 00000nam a2200000 a 4500
001 UCG3185
003 CL-VaPUC
008 100812e19900000FR |||||||||||||||||spa|d
020 |a 9233027104 
082 0 4 |a 374.01220  |b CHL  |2 21 
100 0 |a Chlebowska, Krystyna  |e author  |9 552124 
245 1 3 |a El otro tercer mundo: la mujer campesina ante el analfabetismo 
300 |a 152 p 
942 |c BK 
945 |d 20100812 00:00:00  |a mfarfan 
260 |a París  |b UNESCO  |c 1990 
650 7 |a MUJER RURAL  |2 CL-VaPUC  |9 388852 
650 0 |a Educación  |9 258661 
650 0 |a Analfabetismo  |9 324360 
650 7 |a TERCER MUNDO  |2 CL-VaPUC  |9 343226 
583 |a last modification  |c 20100812 00:00:00  |k Rodrigo Vera 
999 |c 342268  |d 342266 
952 |0 0  |1 0  |4 0  |6 374_012200000000000_CHL_1990  |7 0  |8 A  |9 438366  |a BIBGIM  |b BIBGIM  |d 2019-11-22  |i 4706684  |o 374.01220 CHL 1990  |p 4706684  |r 2025-01-15  |w 2019-11-22  |y BK  |k GIM